header

Not by design (Record no. 58279)

MARC details
000 -LEADER
fixed length control field 01390nam a2200361Ia 4500
082 04 - DEWEY DECIMAL CLASSIFICATION NUMBER
Classification number 576.8/2
100 1# - MAIN ENTRY--AUTHOR NAME
Personal name Reiss, John O.,
245 10 - TITLE STATEMENT
Title Not by design
260 ## - PUBLICATION, DISTRIBUTION, ETC. (IMPRINT)
Place of publication Berkeley :
Name of publisher University of California Press,
Year of publication c2009.
300 ## - PHYSICAL DESCRIPTION
Number of Pages xviii, 422 p. :
Other physical details ill.
650 #0 - SUBJECT ADDED ENTRY--TOPICAL TERM
Topical Term Natural selection.
Topical Term Evolution (Biology)
Topical Term Evolutionary genetics.
Topical Term Intelligent design (Teleology)
856 40 - ELECTRONIC LOCATION AND ACCESS
Uniform Resource Identifier http://site.ebrary.com/lib/rucke/Doc?id=10675749

No items available.

© 2026 Rongo University
Contact us: librarian | system librarian | Rongo university